Regionálna analýza úrovne podpôr poskytnutých v SR v rokoch 2004-2006
Vyplatené podpory projektového charakteru a priame podpory v rokoch 2004-2006. V prípade verejných zdrojov vyplatených zo Sapardu a Sektorového operačného programu Poľnohospodárstvo a rozvoj vidieka smerovala väčšia časť do oblasti juhozápadného Slovenska, v prípade platieb z Plánu rozvoja vidieka s...
Salvato in:
| Autore principale: | |
|---|---|
| Altri autori: | |
| Natura: | Capitolo di libro |
| Lingua: | slovacco |
| Soggetti: | |
| Tags: |
Nessun Tag, puoi essere il primo ad aggiungerne!!
|
MARC
| LEADER | 00000naa$a2200000$$$4500 | ||
|---|---|---|---|
| 001 | 0068407 | ||
| 005 | 20231018091655.3 | ||
| 041 | 0 | |a slo | |
| 044 | |a SK | ||
| 245 | 1 | 0 | |a Regionálna analýza úrovne podpôr poskytnutých v SR v rokoch 2004-2006 |c Stanislav Buchta, Zuzana Rentková |
| 520 | |a Vyplatené podpory projektového charakteru a priame podpory v rokoch 2004-2006. V prípade verejných zdrojov vyplatených zo Sapardu a Sektorového operačného programu Poľnohospodárstvo a rozvoj vidieka smerovala väčšia časť do oblasti juhozápadného Slovenska, v prípade platieb z Plánu rozvoja vidieka sa najviac verejných zdrojov koncentrovalo do severných a východných oblastí Slovenska. Pri zohľadnení všetkých podpôr (projektových i priamych) sa ukázalo, že najviac týchto prostriedkov išlo do severných a východných oblastí Slovenska. Vysoko prevládajúca forma priamych podpôr zmenila väčšinové rozdelenie investičných podpôr. Priame podpory svojou dominanciou tak zásadne formujú majoritné priestorové rozloženie rozdeľovaných podporných prostriedkov v regiónoch Slovenska. | ||
| 610 | 2 | 0 | |a podpory |
| 610 | 2 | 0 | |a poľnohospodárstvo |
| 610 | 2 | 0 | |a SAPARD |
| 610 | 2 | 0 | |a programy |
| 610 | 2 | 0 | |a rozvoj regionálny |
| 610 | 2 | 0 | |a vidiek |
| 610 | 2 | 0 | |a financovanie |
| 610 | 2 | 0 | |a Slovensko |
| 100 | 1 | |a Buchta, Stanislav | |
| 700 | 1 | |a Rentková, Zuzana | |